Statistics for All train stations in Berkshire

Click here to take the quiz!

General Stats

  • This quiz has been taken 18 times
  • The average score is 25 of 35

Answer Stats

GroupAnswer% Correct
Great Western main lineMaidenhead
100%
Great Western main lineReading
100%
Great Western main lineSlough
100%
Waterloo-Reading lineBracknell
93%
Reading-Taunton lineNewbury
93%
Waterloo-Reading lineWokingham
93%
Waterloo-Reading lineEarley
87%
Reading-Basingstoke lineReading West
87%
Great Western main lineTwyford
87%
Reading-Taunton lineHungerford
80%
Great Western main linePangbourne
80%
Reading-Taunton lineThatcham
80%
Waterloo-Reading lineWinnersh
80%
Waterloo-Reading lineWinnersh Triangle
80%
Waterloo-Reading lineAscot
73%
Great Western main lineLangley
73%
Reading-Basingstoke lineReading Green Park
73%
Waterloo-Reading lineMartins Heron
67%
Reading-Basingstoke lineMortimer
67%
Waterloo-Reading lineSunningdale
67%
Reading-Taunton lineTheale
67%
Great Western main lineTilehurst
67%
Reading-Taunton lineAldermaston
60%
Marlow branch lineCookham
60%
Staines-Windsor lineDatchet
60%
Reading-Taunton lineKintbury
60%
Reading-Taunton lineNewbury Racecourse
60%
Marlow branch lineFurze Platt
53%
Reading-Taunton lineMidgham
53%
North Downs lineSandhurst
53%
Staines-Windsor lineWindsor & Eton Riverside
53%
North Downs lineCrowthorne
47%
Slough-Windsor lineWindsor & Eton Central
47%
Staines-Windsor lineSunnymeads
40%
Staines-Windsor lineWraysbury
40%

Score Distribution

Percentile by Number Answered

Percent of People with Each Score

Your Score History

You have not taken this quiz